Logos de clubs de football allemands - Mort subite - Statistiques

Statistiques générales
  • Ce quiz a été pris 2 415 fois
  • Le résultat moyen est 11 sur 15
Answers on the Grid
Answers color-coded by a green-red scale on the quiz's grid according to % correct below.
 
Statistiques - réponses
Réponse % Correct
87%
84%
84%
83%
83%
81%
81%
81%
81%
80%
76%
61%
52%
44%
29%
Aucun quiz correspondant
Distribution des résultats
% des personnes avec chaque résultat
Percentile par nombre de réponses
Votre historique - résultats
Vous n’avez pas pris ce quiz